तृषिताः (Record no. 66150)
[ view plain ]
| 000 -LEADER | |
|---|---|
| fixed length control field | 01361nam a22002657a 4500 |
| 005 - DATE AND TIME OF LATEST TRANSACTION | |
| control field | 20180601143541.0 |
| 008 - FIXED-LENGTH DATA ELEMENTS--GENERAL INFORMATION | |
| fixed length control field | 101019t xxu||||| |||| 00| 0 hin |
| 010 ## - LCCN (DPL NO) | |
| LC control number | HIN-96008 राष्ट्रपति-2 B-694137 |
| 020 ## - INTERNATIONAL STANDARD BOOK NUMBER | |
| Terms of availability | 150.00 |
| International Standard Book Number | 9788170169130 |
| 035 ## - SYSTEM CONTROL NUMBER | |
| System control number | HN-68354 |
| 035 ## - SYSTEM CONTROL NUMBER | |
| System control number | B-694137 |
| 037 ## - SOURCE OF ACQUISITION | |
| Source of stock number/acquisition | DBAD / PUB |
| 037 ## - SOURCE OF ACQUISITION | |
| Source of stock number/acquisition | किताबघर |
| 040 ## - CATALOGING SOURCE | |
| Original cataloging agency | DPL |
| Language of cataloging | HN |
| 082 ## - DEWEY DECIMAL CLASSIFICATION NUMBER | |
| Classification number | उ |
| 100 ## - MAIN ENTRY--PERSONAL NAME | |
| 9 (RLIN) | 23632 |
| Personal name | चौहान,निर्मला |
| 245 ## - TITLE STATEMENT | |
| Title | तृषिताः |
| Remainder of title | राष्ट्रिय महिला-कथाकार साहित्य सेवा पुरुस्कार से सम्मानित/ |
| Statement of responsibility, etc | निर्मला चौहान |
| 260 ## - PUBLICATION, DISTRIBUTION, ETC. (IMPRINT) | |
| Place of publication, distribution, etc | नई दिल्ली |
| Date of publication, distribution, etc | 2012 |
| -- | 2018 (राष्ट्रपति-2) |
| Name of publisher, distributor, etc | किताब घर |
| 270 ## - ADDRESS | |
| City | नई दिल्ली |
| Address | 24/4855,अंसारी रोड़,दरियागंज |
| Postal code | 110002 |
| 300 1# - PHYSICAL DESCRIPTION | |
| Extent | 84पृ. |
| Dimensions | 22सेमी (अजिल्द) |
| 500 ## - GENERAL NOTE | |
| General note | राष्ट्रपति-2 |
| 650 ## - SUBJECT ADDED ENTRY--TOPICAL TERM | |
| 9 (RLIN) | 657 |
| Topical term or geographic name as entry element | हिन्दी कथासाहित्य |
| 942 ## - ADDED ENTRY ELEMENTS (KOHA) | |
| Source of classification or shelving scheme | Dewey Decimal Classification |
| Item type | Hindi Books |
| Call number suffix | चौहान |
| Classification part | उ |
| Withdrawn status | Lost status | Source of classification or shelving scheme | Damaged status | Not for loan | Collection code | Home library | Current library | Date acquired | Source of acquisition | Cost, normal purchase price | Total Checkouts | Full call number | Barcode | Date last seen | Copy number | Cost, replacement price | Koha item type | Public note |
|---|---|---|---|---|---|---|---|---|---|---|---|---|---|---|---|---|---|---|
| Dewey Decimal Classification | Not For Loan | Fiction | D.B.Act.Division | D.B.Act.Division | 04/05/2012 | DBAD/PUB | 150.00 | उ चौहान | HN-68354 | 04/05/2012 | 1 | 150.00 | Hindi Books | |||||
| Dewey Decimal Classification | Fiction | Mobile Library | Mobile Library | 01/06/2018 | किताबघर BL-25609/30.5.18/459/30.5.18/31.5.18 | 150.00 | उ चौहान | B-694137 | 01/06/2018 | 1 | 150.00 | Hindi Books | राष्ट्रपति भवन-2 |
